Management research. (2nd ed.) (Record no. 82477)

MARC details
000 -LEADER
fixed length control field 01163nam a2200253 a 4500
008 - FIXED-LENGTH DATA ELEMENTS--GENERAL INFORMATION
fixed length control field 070216s2002 ||||||||||||||||| || u
020 ## - INTERNATIONAL STANDARD BOOK NUMBER
International Standard Book Number 0761972854
050 ## - LIBRARY OF CONGRESS CALL NUMBER
Classification number HD 30.4 Eas
100 ## - MAIN ENTRY--PERSONAL NAME
Personal name Thorpe, Richard
245 10 - TITLE STATEMENT
Title Management research. (2nd ed.)
Statement of responsibility, etc. Mark Easterby-Smith; Richard Thorpe; Andy Lowe
250 ## - EDITION STATEMENT
Edition statement 2nd ed.
260 ## - PUBLICATION, DISTRIBUTION, ETC.
Place of publication, distribution, etc. London:
Name of publisher, distributor, etc. SAGE Publications
Date of publication, distribution, etc. 2002
300 ## - PHYSICAL DESCRIPTION
Extent xiv, 194p.: ill.
350 ## -
-- 0.00
490 ## -
-- SAGE series in Management Research
650 ## - SUBJECT ADDED ENTRY--TOPICAL TERM
Topical term or geographic name entry element MANAGEMENT--RESEARCH--METHODOLOGY--DICTIONARIES
650 #0 - SUBJECT ADDED ENTRY--TOPICAL TERM
Topical term or geographic name entry element MANAGEMENT
700 ## - ADDED ENTRY--PERSONAL NAME
Personal name Easterby-Smith
700 ## - ADDED ENTRY--PERSONAL NAME
Personal name Mark
700 ## - ADDED ENTRY--PERSONAL NAME
Personal name Lowe, Andy
995 ## -
-- MAIN LIBRARY OPEN ACCESS
-- 0.00
-- 737570
-- CBU-MAIN LIBRARY (Kitwe)
-- 1
-- 0.00
-- HD 30.4 Eas
-- 2
-- AVAILABLE
-- Feb 16, 2007
-- 52960
-- Main Library Open Access Collection
995 ## -
-- MAIN LIBRARY OPEN ACCESS
-- 0.00
-- 737568
-- CBU-MAIN LIBRARY (Kitwe)
-- 1
-- 0.00
-- HD 30.4 Eas
-- 3
-- AVAILABLE
-- Feb 16, 2007
-- 52958
-- Main Library Open Access Collection
995 ## -
-- MAIN LIBRARY OPEN ACCESS
-- 0.00
-- 737568
-- CBU-MAIN LIBRARY (Kitwe)
-- 1
-- 0.00
-- HD 30.4 Eas
-- 1
-- AVAILABLE
-- Feb 16, 2007
-- 52959
-- Main Library Open Access Collection
999 ## -
-- 82477
-- 82477
Holdings
Withdrawn status Lost status Source of classification or shelving scheme Damaged status Not for loan Permanent Location Current Location Shelving location Date acquired Total Checkouts Full call number Barcode Date last seen Copy number Price effective from Koha item type
          CBU-MAIN LIBRARY, KITWE. CBU-MAIN LIBRARY, KITWE.   09/29/2023   HD 30.4 Eas 52960 09/29/2023 1 09/29/2023 MONOGRAPH
          CBU-MAIN LIBRARY, KITWE. CBU-MAIN LIBRARY, KITWE.   09/29/2023   HD 30.4 Eas 52958 09/29/2023 2 09/29/2023 MONOGRAPH
          CBU-MAIN LIBRARY, KITWE. CBU-MAIN LIBRARY, KITWE.   09/29/2023   HD 30.4 Eas 52959 09/29/2023 3 09/29/2023 MONOGRAPH